| 000 | 01161nam0a22002771 4500 | ||
|---|---|---|---|
| 001 | rc\3512548 | ||
| 005 | 20250610030459.0 | ||
| 021 |
_aRU _b[72-42956] |
||
| 035 | _a(NLR Aleph) 007658036 | ||
| 090 |
_a6301199 _c6301199 |
||
| 100 | _a20130115d1972 |||y0rusy50 ca | ||
| 101 | 0 | _arus | |
| 102 | _aRU | ||
| 105 | _aa z ||||| | ||
| 200 | 1 |
_aМатематическое программирование _e(Линейное программирование) _eУчеб. пособие для студентов-заочников экон. фак. _fМ-во торговли РСФСР. Ленингр. ин-т сов. торговли им. Ф. Энгельса. Кафедра экон. кибернетики и программирования |
|
| 210 |
_a[Ленинград] _cБ. и. _d1972 |
||
| 215 |
_a156 с. _cчерт. _d20 |
||
| 320 | _aСписок лит.: с. 156 (13 назв.) | ||
| 606 |
_aЛинейное программирование _2psbo |
||
| 700 | 1 |
_aБочков _bН.Н. |
|
| 701 | 1 |
_aГейсберг _bТ.С. |
|
| 801 | 0 |
_aRU _bNLR _gpsbo |
|
| 801 | 1 |
_aRU _bELAR _2rusmarc |
|
| 852 |
_aNLR _j72-3/5337 |
||
| 942 | _cBOOK | ||
| 980 | _aNB | ||